[Event "Excelsior June U1600"]
[Site "Toronto CAN"]
[Date "2023.06.25"]
[Round "4.26"]
[White "Sun, Lucas"]
[Black "Li, Wing"]
[Result "1/2-1/2"]
[WhiteElo "1393"]
[BlackElo "1591"]
[PlyCount "144"]
[EventDate "2023.06.23"]
[EventType "swiss"]
[EventRounds "5"]
[EventCountry "CAN"]

1. e4 c6 2. d4 d5 3. Nc3 dxe4 4. Nxe4 Bf5 5. Ng3 Bg6 6. Nf3 Nd7 7. Bd3 Bxd3 8.
Qxd3 Ngf6 9. b3 e6 10. O-O Be7 11. Bb2 O-O 12. c4 Nb6 13. Qc2 Rc8 14. Rad1 Qc7
15. Ne4 h6 16. Rfe1 Nbd7 17. Qe2 Rfd8 18. Nxf6+ Nxf6 19. h3 Bb4 20. Rf1 Qf4 21.
Qe5 Qxe5 22. dxe5 Ne4 23. Bd4 c5 24. Bb2 Nd2 25. Nxd2 Bxd2 26. Kh1 Rd3 27. g3
Rcd8 28. Kg2 Kf8 29. h4 Bc3 30. Rxd3 Rxd3 31. Bxc3 Rxc3 32. Rd1 Ke7 33. Rd2 a6
34. Rd6 b5 35. Rxa6 bxc4 36. Ra7+ Ke8 37. Ra8+ Kd7 38. Ra7+ Ke8 39. Ra8+ Kd7
40. Ra7+ Kc6 41. bxc4 Rxc4 42. Rxf7 Rd4 43. Rf3 Ra4 44. Rc3 Kd5 45. Kf3 Rxa2
46. Ke3 c4 47. h5 Rb2 48. f4 Rb3 49. Kd2 Kd4 50. Rxb3 cxb3 51. g4 Ke4 52. f5
Kxe5 53. fxe6 Kxe6 54. Kc3 Kf6 55. Kxb3 Kg5 56. Kc3 Kxg4 57. Kd3 Kxh5 58. Ke3
Kg4 59. Kf2 Kh3 60. Kg1 Kg3 61. Kh1 Kf2 62. Kh2 g5 63. Kh3 Kf3 64. Kh2 g4 65.
Kg1 g3 66. Kf1 g2+ 67. Kg1 h5 68. Kh2 g1=Q+ 69. Kxg1 Kg3 70. Kh1 h4 71. Kg1 h3
72. Kh1 h2 1/2-1/2

[Event "Excelsior June U1600"]
[Site "Toronto CAN"]
[Date "2023.06.25"]
[Round "4.27"]
[White "Fu, Odyssey"]
[Black "Naiboglu, Onur"]
[Result "1/2-1/2"]
[WhiteElo "1365"]
[BlackElo "1350"]
[PlyCount "142"]
[EventDate "2023.06.23"]
[EventType "swiss"]
[EventRounds "5"]
[EventCountry "CAN"]

1. e4 e5 2. Nf3 Nc6 3. d4 exd4 4. Nxd4 Nf6 5. Nc3 Bb4 6. Nxc6 bxc6 7. Bd3 h6 8.
O-O Bxc3 9. bxc3 O-O 10. c4 Rb8 11. e5 Nh7 12. f4 d6 13. Qf3 dxe5 14. Ba3 Qd4+
15. Kh1 Re8 16. c3 e4 17. cxd4 exf3 18. gxf3 Re3 19. Rfe1 Rxe1+ 20. Rxe1 Nf6
21. Re7 Bd7 22. Kg1 Re8 23. Rxe8+ Nxe8 24. Bc5 a6 25. Bb4 Nd6 26. Ba5 Nf5 27.
Bc3 Be6 28. a3 Nd6 29. c5 Nb5 30. Bb2 Bb3 31. Kf2 Kf8 32. Ke3 Ke7 33. Bf5 Na7
34. h4 h5 35. Bc3 Nb5 36. Bb4 Kd8 37. Bh3 Ba4 38. Bf1 Bb3 39. Bd3 Ke7 40. Be4
Kd7 41. f5 f6 42. f4 Ba4 43. Bd3 Bb3 44. Bb1 Ke7 45. Be4 Bd5 46. Bc2 a5 47.
Bxa5 Nxa3 48. Bd3 Nc4+ 49. Bxc4 Bxc4 50. Bxc7 Bd5 51. Bd6+ Kf7 52. Kd3 g6 53.
fxg6+ Kxg6 54. Ke3 f5 55. Kd3 Kf7 56. Kc3 Ke8 57. Kb4 Kd7 58. Ka5 Bh1 59. Kb6
Bd5 60. Ka5 Bh1 61. Kb4 Bd5 62. Bf8 Be4 63. Kc4 Bd5+ 64. Kc3 Be4 65. d5 Bxd5
66. Kd4 Ke6 67. Bg7 Be4 68. Be5 Bd5 69. Kc3 Kd7 70. Bb8 Ke6 71. Kb4 Kd7 1/2-1/2

[Event "Excelsior June U1600"]
[Site "Toronto CAN"]
[Date "2023.06.25"]
[Round "4.28"]
[White "Cheung, Oscar"]
[Black "Lu, Austin"]
[Result "0-1"]
[WhiteElo "1102"]
[BlackElo "1465"]
[PlyCount "36"]
[EventDate "2023.06.23"]
[EventType "swiss"]
[EventRounds "5"]
[EventCountry "CAN"]

1. e4 c5 2. Nf3 Nc6 3. d4 cxd4 4. Nxd4 g6 5. Nxc6 bxc6 6. Bc4 Bg7 7. Nc3 d6 8.
O-O Nf6 9. f4 Ng4 10. f5 Qb6+ 11. Kh1 Nf2+ 12. Rxf2 Qxf2 13. fxg6 hxg6 14. Bd2
Rxh2+ 15. Kxh2 Qh4+ 16. Kg1 Bd4+ 17. Be3 Bxe3+ 18. Kf1 Qf2# 0-1

[Event "Excelsior June U1600"]
[Site "Toronto CAN"]
[Date "2023.06.25"]
[Round "4.29"]
[White "Chen, Michael"]
[Black "Fok, Elkan"]
[Result "1-0"]
[WhiteElo "1297"]
[BlackElo "1573"]
[PlyCount "106"]
[EventDate "2023.06.23"]
[EventType "swiss"]
[EventRounds "5"]
[EventCountry "CAN"]

1. d4 c5 2. d5 Nf6 3. c4 e5 4. Nc3 d6 5. e4 Be7 6. Bd3 O-O 7. Nge2 Nbd7 8. O-O
Ne8 9. f4 exf4 10. Bxf4 Bg5 11. e5 Bxf4 12. Nxf4 Nxe5 13. Bc2 Bg4 14. Qe1 Qg5
15. Qg3 Qh6 16. Ne4 Bd7 17. b3 b5 18. Nd3 Ng4 19. Rae1 f5 20. Nd2 Qxd2 21. Bb1
g5 22. Re7 Rf7 23. Rxf7 Kxf7 24. Qxg4 Nf6 25. Qg3 Ne4 26. Qf3 Kg7 27. h3 Nc3
28. g4 Ne2+ 29. Kh1 f4 30. Rf2 Qd1+ 31. Rf1 Ng3+ 32. Kg2 Qxf1+ 33. Qxf1 Nxf1
34. Kxf1 bxc4 35. bxc4 Rb8 36. Bc2 Rb2 37. Nxb2 Be8 38. Bf5 a6 39. Kf2 Kf7 40.
Kf3 Kf6 41. Ke4 h5 42. Nd3 Ba4 43. gxh5 Bc2 44. Bg6 Bb1 45. a3 Bc2 46. Kf3 Bd1+
47. Kf2 Kg7 48. h4 Bb3 49. hxg5 Bxc4 50. Nxf4 Bb5 51. h6+ Kg8 52. Bc2 Bc4 53.
g6 a5 1-0

[Event "Excelsior June U1600"]
[Site "Toronto CAN"]
[Date "2023.06.25"]
[Round "4.30"]
[White "Khezri, Hamed"]
[Black "Surya, Dania"]
[Result "0-1"]
[WhiteElo "1172"]
[BlackElo "1538"]
[PlyCount "116"]
[EventDate "2023.06.23"]
[EventType "swiss"]
[EventRounds "5"]
[EventCountry "CAN"]

1. e4 d5 2. exd5 Qxd5 3. Nc3 Qa5 4. d4 Nf6 5. Nf3 c6 6. Bd3 Bg4 7. O-O e6 8. h3
Bh5 9. Bf4 Nbd7 10. a4 Be7 11. Qe2 O-O 12. Qe3 Rac8 13. Ne5 Nxe5 14. Bxe5 Qd8
15. Qg5 Bg6 16. Bxg6 hxg6 17. Qg3 Qd7 18. Rfe1 Rfd8 19. Rad1 Bd6 20. Qg5 Qe7
21. Bxd6 Qxd6 22. Ne4 Nxe4 23. Rxe4 Qb4 24. b3 Qc3 25. Qd2 Qxd2 26. Rxd2 c5 27.
c3 Rd7 28. Rde2 cxd4 29. Rxd4 Rxd4 30. cxd4 Rc1+ 31. Kh2 Rd1 32. Re4 Rd3 33. b4
Rb3 34. d5 exd5 35. Rd4 Kf8 36. b5 Ra3 37. f3 Ke7 38. Kg3 Kd6 39. Kf4 Kc5 40.
Rd2 Rxa4+ 41. Ke5 d4 42. g4 Kxb5 43. Kd5 a5 44. h4 Rb4 45. f4 d3 46. Rxd3 Rxf4
47. Rg3 a4 48. h5 gxh5 49. gxh5 Rf5+ 50. Kd4 Rxh5 51. Rxg7 Rf5 52. Ke4 Rf1 53.
Kd4 a3 54. Rg5+ f5 55. Rg7 a2 56. Rxb7+ Kc6 57. Rb8 a1=Q+ 58. Kc4 Rc1+ 0-1

[Event "Excelsior June U1600"]
[Site "Toronto CAN"]
[Date "2023.06.25"]
[Round "4.31"]
[White "Zhan, Jayden Zihan"]
[Black "Khamidov, Bek"]
[Result "1-0"]
[WhiteElo "1445"]
[BlackElo "1085"]
[PlyCount "59"]
[EventDate "2023.06.23"]
[EventType "swiss"]
[EventRounds "5"]
[EventCountry "CAN"]

1. e4 e5 2. Nf3 Nc6 3. Bb5 d6 4. O-O Bd7 5. c3 g6 6. d4 exd4 7. cxd4 Bg7 8. Nc3
Nge7 9. Be3 O-O 10. h3 a6 11. Be2 b5 12. a3 f5 13. Qb3+ Kh8 14. Ng5 Qc8 15.
Rad1 h6 16. Nf3 fxe4 17. Nxe4 Nf5 18. Qc3 Nce7 19. Rc1 Nd5 20. Qd2 Ndxe3 21.
fxe3 d5 22. Nc3 Ng3 23. Rfe1 Bxh3 24. Nxd5 Ne4 25. Qc2 Qg4 26. Bd1 c6 27. Nf4
Rxf4 28. exf4 Re8 29. Ne5 Qxf4 30. Nxg6+ 1-0

[Event "Excelsior June U1600"]
[Site "Toronto CAN"]
[Date "2023.06.25"]
[Round "4.33"]
[White "Lee, Daniel"]
[Black "Li, Yeeshuen"]
[Result "1/2-1/2"]
[WhiteElo "1121"]
[BlackElo "1288"]
[PlyCount "173"]
[EventDate "2023.06.23"]
[EventType "swiss"]
[EventRounds "5"]
[EventCountry "CAN"]

1. e4 e5 2. Nf3 Nc6 3. Bc4 Bc5 4. c3 Nf6 5. d3 d6 6. Nbd2 Be6 7. Bxe6 fxe6 8.
Qb3 Qc8 9. O-O O-O 10. h3 d5 11. Re1 Re8 12. Nf1 Bb6 13. Bg5 Na5 14. Qc2 Nc6
15. Ng3 Kf7 16. Bxf6 Kxf6 17. Qd2 h6 18. exd5 exd5 19. Nxe5 Nxe5 20. Qf4+ Kg6
21. Rxe5 Bxf2+ 22. Kxf2 Rf8 23. Rf5 Rxf5 24. Nxf5 Qxf5 25. Qxf5+ Kxf5 26. Re1
Kf6 27. Kg3 c5 28. Re2 b5 29. Kf4 c4 30. d4 a5 31. Re5 g5+ 32. Kg4 Rd8 33. Kh5
b4 34. g3 a4 35. a3 bxa3 36. bxa3 Rb8 37. Rxd5 Rb3 38. Rc5 Rxc3 39. Kg4 h5+ 40.
Kxh5 Rxg3 41. Rxc4 Rxh3+ 42. Kg4 Rxa3 43. Rc6+ Ke7 44. Kxg5 Rd3 45. Rc4 a3 46.
Ra4 Kd6 47. Kf6 Rf3+ 48. Kg5 Kc6 49. Kg4 Rd3 50. Kf5 Kb5 51. Ra8 Kc4 52. Ke5
Re3+ 53. Kf4 Rd3 54. Ke5 Kb3 55. Ke4 Rd2 56. Ke3 Rh2 57. Kd3 a2 58. Rb8+ Ka3
59. Ra8+ Kb2 60. Rb8+ Ka1 61. Kc3 Rh7 62. d5 Rc7+ 63. Kd2 Rc5 64. d6 Rd5+ 65.
Kc3 Rxd6 66. Kc2 Rc6+ 67. Kd2 Rc4 68. Rb7 Rh4 69. Kc3 Rh1 70. Kc2 Rb1 71. Rd7
Rb2+ 72. Kc1 Rb5 73. Rc7 Rf5 74. Rb7 Rc5+ 75. Kd2 Rc4 76. Rb8 Rg4 77. Kc2 Rc4+
78. Kd2 Rc7 79. Rb6 Ra7 80. Kc2 Ra3 81. Rd6 Rd3 82. Kxd3 Kb1 83. Rb6+ Kc1 84.
Ra6 Kb2 85. Rb6+ Kc1 86. Ra6 Kb1 87. Rb6+ 1/2-1/2

[Event "Excelsior June U1600"]
[Site "Toronto CAN"]
[Date "2023.06.25"]
[Round "4.35"]
[White "Stevenson, Mark"]
[Black "Anish, Diganth"]
[Result "1-0"]
[WhiteElo "504"]
[BlackElo "1437"]
[PlyCount "95"]
[EventDate "2023.06.23"]
[EventType "swiss"]
[EventRounds "5"]
[EventCountry "CAN"]

1. d4 Nf6 2. Nf3 d5 3. Bf4 Bf5 4. e3 Nc6 5. c3 e6 6. Bb5 Bd6 7. Qa4 Qd7 8. Ne5
Bxe5 9. Bxe5 Ng4 10. Bg3 O-O 11. Nd2 a6 12. Bxc6 bxc6 13. O-O Rfe8 14. Nb3 e5
15. Nc5 Qd6 16. h3 Nh6 17. Rad1 f6 18. f3 Bg6 19. e4 Bf7 20. Rfe1 Kh8 21. b4
Bg8 22. Bh2 Nf7 23. c4 Nd8 24. dxe5 fxe5 25. exd5 Qf6 26. Nd7 Qh6 27. Nxe5 Nf7
28. Qxc6 Qg5 29. Ng6+ Qxg6 30. Rxe8 Qxc6 31. Rxg8+ Kxg8 32. dxc6 Nd8 33. b5
axb5 34. cxb5 Ne6 35. Rd7 Rxa2 36. Bxc7 Rc2 37. b6 Rb2 38. b7 Nc5 39. Rd8+ Kf7
40. b8=Q Rxb8 41. Bxb8 Na6 42. c7 Nxc7 43. Bxc7 g6 44. Be5 Ke6 45. f4 Kf5 46.
g4+ Ke4 47. Kf2 h5 48. Rd4# 1-0

[Event "Excelsior June U1600"]
[Site "Toronto CAN"]
[Date "2023.06.25"]
[Round "4.40"]
[White "Gao, Yiguo"]
[Black "Gao, Evan"]
[Result "1-0"]
[WhiteElo "768"]
[BlackElo "633"]
[PlyCount "49"]
[EventDate "2023.06.23"]
[EventType "swiss"]
[EventRounds "5"]
[EventCountry "CAN"]

1. e4 e5 2. Nf3 Nc6 3. d4 d6 4. dxe5 dxe5 5. Qxd8+ Kxd8 6. Bc4 Nb4 7. Na3 Bd7
8. Nxe5 Nf6 9. Nxf7+ Kc8 10. Nxh8 Nxe4 11. O-O Bf5 12. Rd1 Bc5 13. Nf7 Bxf2+
14. Kh1 c6 15. Rd8+ Kc7 16. Rxa8 Bd4 17. Bf4+ Kb6 18. Bg3 Bxb2 19. Rb1 Bxa3 20.
Rb3 Nd2 21. Rxa3 Nxc4 22. R3xa7 Nxc2 23. Nd8 Nd6 24. Bxd6 Be4 25. Rxb7# 1-0

[Event "Excelsior June U1600"]
[Site "Toronto CAN"]
[Date "2023.06.25"]
[Round "5.26"]
[White "Li, Wing"]
[Black "Zhan, Jayden Zihan"]
[Result "1-0"]
[WhiteElo "1591"]
[BlackElo "1445"]
[PlyCount "69"]
[EventDate "2023.06.23"]
[EventType "swiss"]
[EventRounds "5"]
[EventCountry "CAN"]

1. d4 Nf6 2. c4 e6 3. g3 d5 4. Bg2 b6 5. cxd5 exd5 6. a3 Be7 7. Nc3 Bb7 8. b4
c6 9. Nf3 Nbd7 10. O-O O-O 11. Bf4 a5 12. b5 c5 13. dxc5 bxc5 14. Nh4 Nb6 15.
Nf5 Re8 16. Na4 Bf8 17. Nxb6 Qxb6 18. a4 Qe6 19. Ne3 g6 20. Qc2 Ne4 21. Rfd1
Bg7 22. Rac1 Rac8 23. Bxe4 Qxe4 24. Qxe4 Rxe4 25. Nxd5 Bxd5 26. Rxd5 Rxa4 27.
Rdxc5 Rf8 28. Bd6 Re8 29. Rc8 Rae4 30. b6 Bd4 31. Rxe8+ Rxe8 32. b7 Ba7 33. Rc8
Kg7 34. Rxe8 a4 35. Ra8 1-0

[Event "Excelsior June U1600"]
[Site "Toronto CAN"]
[Date "2023.06.25"]
[Round "5.27"]
[White "Surya, Dania"]
[Black "Sun, Lucas"]
[Result "0-1"]
[WhiteElo "1538"]
[BlackElo "1393"]
[PlyCount "108"]
[EventDate "2023.06.23"]
[EventType "swiss"]
[EventRounds "5"]
[EventCountry "CAN"]

1. e4 c5 2. b3 Nc6 3. Bb2 e6 4. Nf3 d5 5. exd5 exd5 6. d4 cxd4 7. Nxd4 Nf6 8.
Be2 Be7 9. O-O O-O 10. Nd2 a6 11. N2f3 Bg4 12. a3 Qc7 13. Rc1 Qf4 14. Qd2 Qxd2
15. Nxd2 Nxd4 16. Bxg4 Nxg4 17. Bxd4 Bxa3 18. Ra1 Bd6 19. Nf3 f6 20. Rfe1 Rfe8
21. h3 Ne5 22. Nd2 Nc6 23. Nf3 Nxd4 24. Nxd4 Be5 25. Red1 Rac8 26. Ra5 Bxd4 27.
Rxd4 Rxc2 28. Raxd5 Re1+ 29. Kh2 Rxf2 30. Rd8+ Kf7 31. R8d7+ Re7 32. R7d6 Rb2
33. Rb6 h5 34. Rd3 Kg6 35. Rg3+ Kh6 36. h4 Rbe2 37. Kg1 Re1+ 38. Kh2 R1e4 39.
Kh3 Re3 40. Rxe3 Rxe3+ 41. g3 Re7 42. Kg2 Kg6 43. Kf2 Kf5 44. Kf3 g6 45. Rd6
Re5 46. Rd3 Rb5 47. Ke2 Kg4 48. Kf2 Rb4 49. Kg2 a5 50. Kf2 b5 51. Kg2 a4 52.
bxa4 bxa4 53. Ra3 Kf5 54. Kf2 Ke5 0-1

[Event "Excelsior June U1600"]
[Site "Toronto CAN"]
[Date "2023.06.25"]
[Round "5.28"]
[White "Lu, Austin"]
[Black "Fu, Odyssey"]
[Result "0-1"]
[WhiteElo "1465"]
[BlackElo "1365"]
[PlyCount "70"]
[EventDate "2023.06.23"]
[EventType "swiss"]
[EventRounds "5"]
[EventCountry "CAN"]

1. e4 c5 2. Nf3 Nc6 3. d4 cxd4 4. Nxd4 Nf6 5. Nc3 e5 6. Ndb5 d6 7. Bg5 a6 8.
Na3 b5 9. Nd5 Be7 10. Bxf6 Bxf6 11. c3 O-O 12. Nc2 Bg5 13. a4 bxa4 14. Ncb4
Nxb4 15. Nxb4 Bb7 16. f3 a5 17. Nd5 f5 18. Bc4 Kh8 19. O-O Rb8 20. Qxa4 Bxd5
21. Bxd5 fxe4 22. fxe4 Rxb2 23. Qxa5 Qe8 24. Qc7 Be3+ 25. Kh1 Rbf2 26. Rxf2
Rxf2 27. Qxd6 Rf6 28. Qxe5 Qf8 29. Bc4 h6 30. Qd5 Ba7 31. e5 Rf5 32. g4 Rxe5
33. Qf7 Qa8+ 34. Bd5 Rxd5 35. Qxa7 Rd1# 0-1

[Event "Excelsior June U1600"]
[Site "Toronto CAN"]
[Date "2023.06.25"]
[Round "5.29"]
[White "Naiboglu, Onur"]
[Black "Vale, Noah"]
[Result "0-1"]
[WhiteElo "1350"]
[BlackElo "1401"]
[PlyCount "73"]
[EventDate "2023.06.23"]
[EventType "swiss"]
[EventRounds "5"]
[EventCountry "CAN"]

1. e4 c6 2. d4 d5 3. f3 dxe4 4. fxe4 e5 5. Nf3 exd4 6. Nxd4 Qh4+ 7. Kd2 Qxe4 8.
Qe2 Qxe2+ 9. Bxe2 Bc5 10. Nb3 Bb6 11. Re1 Ne7 12. Bc4 Bg4 13. h3 Bh5 14. g4 Bg6
15. Kd1 Nd7 16. Bg5 f6 17. Bf4 Rd8 18. N1d2 Nc5 19. g5 Bf7 20. gxf6 gxf6 21.
Nxc5 Bxc5 22. Be6 Bxe6 23. Rxe6 Kf7 24. Re4 Nd5 25. Ke2 Nxf4+ 26. Rxf4 Rhe8+
27. Ne4 Bd4 28. Kf3 Be5 29. Rh4 Rh8 30. Re1 b6 31. Rh5 Bxb2 32. c3 Rd3+ 33. Ke2
Bxc3 34. Rc1 Bb2 35. Rb1 Rd4 36. Rh4 f5 37. Rf4 0-1

[Event "Excelsior June U1600"]
[Site "Toronto CAN"]
[Date "2023.06.25"]
[Round "5.30"]
[White "Chen, Michael"]
[Black "Lee, Daniel"]
[Result "1-0"]
[WhiteElo "1297"]
[BlackElo "1121"]
[PlyCount "147"]
[EventDate "2023.06.23"]
[EventType "swiss"]
[EventRounds "5"]
[EventCountry "CAN"]

1. d4 d5 2. c4 e6 3. Nc3 Nf6 4. Bg5 Be7 5. e3 O-O 6. Nf3 b6 7. cxd5 exd5 8. Bd3
h6 9. Bh4 Bb7 10. Rc1 Nbd7 11. Bb1 Re8 12. O-O Ne4 13. Bg3 Nxg3 14. hxg3 Bd6
15. Qd3 Nf6 16. Nh4 c5 17. Rfd1 c4 18. Qe2 g6 19. Nb5 Bc8 20. Nxd6 Qxd6 21. Qc2
Ne4 22. b3 cxb3 23. Qxb3 Nxg3 24. fxg3 Qxg3 25. Nf3 Bh3 26. Rd2 Bxg2 27. Rxg2
Qxf3 28. Rc3 Rac8 29. Rxc8 Rxc8 30. Rc2 Re8 31. Rc3 Qg3+ 32. Kf1 Re6 33. Ke2
Qg2+ 34. Kd3 Rf6 35. Rc2 Qe4+ 36. Kd2 Rf2+ 37. Kc1 Rxc2+ 38. Bxc2 Qe6 39. Kd2
h5 40. Qb5 Qd6 41. Bb3 Qa3 42. Qxd5 Qa5+ 43. Qxa5 bxa5 44. Bd1 Kf8 45. e4 f6
46. Ke3 Ke7 47. Kf4 g5+ 48. Kf5 g4 49. Bxg4 hxg4 50. Kxg4 Ke6 51. Kf4 Kd6 52.
Kf5 Ke7 53. d5 a4 54. Kg6 a3 55. Kg7 a6 56. Kg6 a5 57. Kg7 a4 58. Kg6 Kd6 59.
Kxf6 Kc5 60. e5 Kxd5 61. e6 Kc4 62. e7 Kc3 63. e8=Q Kb2 64. Qe6 Ka1 65. Ke5 Kb2
66. Qd5 Kc3 67. Qg2 Kc4 68. Qd2 Kb5 69. Qc3 Kb6 70. Kd6 Kb5 71. Qc5+ Ka6 72.
Qb4 Ka7 73. Kc7 Ka6 74. Qxa4# 1-0

[Event "Excelsior June U1600"]
[Site "Toronto CAN"]
[Date "2023.06.25"]
[Round "5.32"]
[White "Fok, Elkan"]
[Black "Roque, Alexa"]
[Result "1-0"]
[WhiteElo "1573"]
[BlackElo "930"]
[PlyCount "91"]
[EventDate "2023.06.23"]
[EventType "swiss"]
[EventRounds "5"]
[EventCountry "CAN"]

1. f4 Nf6 2. Nf3 g6 3. b3 Bg7 4. Bb2 d6 5. e4 O-O 6. e5 dxe5 7. fxe5 Nfd7 8. d4
e6 9. h4 c5 10. h5 gxh5 11. Rxh5 cxd4 12. Bd3 h6 13. Bc1 f5 14. Ke2 Qe8 15. Qh1
Qg6 16. Bxh6 Bxh6 17. Rxh6 Qg7 18. Rh5 Nxe5 19. Rg5 Ng6 20. Qh2 Qh7 21. Qg3 Rf6
22. Nh4 Kf7 23. Nf3 Nc6 24. Nbd2 f4 25. Qf2 Qh6 26. Ne4 Nge5 27. Nxe5+ Nxe5 28.
Rxe5 Rg6 29. Ng5+ Ke7 30. Bxg6 Qxg6 31. Ne4 Qg4+ 32. Kd3 Qg6 33. Qh4+ Kd7 34.
Rg5 Qf7 35. Qh6 Kc6 36. Rh1 b6 37. Rg7 Qf5 38. Rh5 Ba6+ 39. Kd2 Qxe4 40. Qh7
Qe2+ 41. Kc1 Qe1+ 42. Kb2 Qc3+ 43. Ka3 Rc8 44. Qe4+ Kd6 45. Qe5+ Kc6 46. Qxe6#
1-0

[Event "Excelsior June U1600"]
[Site "Toronto CAN"]
[Date "2023.06.25"]
[Round "5.33"]
[White "Zhou, Felix"]
[Black "Liu-Xue, Shulai"]
[Result "1-0"]
[WhiteElo "1358"]
[BlackElo "637"]
[PlyCount "57"]
[EventDate "2023.06.23"]
[EventType "swiss"]
[EventRounds "5"]
[EventCountry "CAN"]

1. d4 d5 2. c4 Nf6 3. cxd5 Nxd5 4. e4 Nf6 5. Nc3 g6 6. Bc4 Nc6 7. e5 Nd7 8. Nf3
Bg7 9. O-O Nb6 10. Bb3 Bg4 11. Be3 e6 12. Qd2 Bxf3 13. gxf3 Qh4 14. Nb5 Qe7 15.
Bg5 Qd7 16. Rfd1 h6 17. Bf4 Nxe5 18. Nxc7+ Qxc7 19. dxe5 Bxe5 20. Bxe5 Qxe5 21.
f4 Qh5 22. Qd4 O-O 23. Qe4 Qg4+ 24. Kh1 Rab8 25. Rg1 Qf5 26. Qxf5 exf5 27.
Rxg6+ Kh7 28. Rf6 Kg7 29. Rxf5 1-0

[Event "Excelsior June U1600"]
[Site "Toronto CAN"]
[Date "2023.06.25"]
[Round "5.34"]
[White "Li, Yeeshuen"]
[Black "Stevenson, Mark"]
[Result "0-1"]
[WhiteElo "1288"]
[BlackElo "504"]
[PlyCount "68"]
[EventDate "2023.06.23"]
[EventType "swiss"]
[EventRounds "5"]
[EventCountry "CAN"]

1. e4 c6 2. d4 d5 3. exd5 cxd5 4. Bd3 Nc6 5. c3 Nf6 6. h3 e5 7. dxe5 Nxe5 8.
Nf3 Nxd3+ 9. Qxd3 Be7 10. Nbd2 O-O 11. Nb3 b6 12. Nbd4 a5 13. O-O Ba6 14. Nb5
a4 15. Nfd4 Bc5 16. Nf5 Qe8 17. Qg3 Nh5 18. Qg4 Qxb5 19. Bh6 g6 20. Bxf8 Bxf8
21. Rab1 Bc8 22. c4 Qa5 23. b4 axb3 24. Rxb3 Bxf5 25. Qd4 dxc4 26. Rxb6 Bc5 27.
Qf6 Nxf6 28. Rxf6 Qxa2 29. g4 Bd3 30. Re1 Kg7 31. Rc6 Qxf2+ 32. Kh1 Qxe1+ 33.
Kh2 Qf2+ 34. Kh1 Be4# 0-1

[Event "Excelsior June U1600"]
[Site "Toronto CAN"]
[Date "2023.06.25"]
[Round "5.36"]
[White "Khamidov, Bek"]
[Black "Gao, Yiguo"]
[Result "1/2-1/2"]
[WhiteElo "1085"]
[BlackElo "768"]
[PlyCount "100"]
[EventDate "2023.06.23"]
[EventType "swiss"]
[EventRounds "5"]
[EventCountry "CAN"]

1. e4 c5 2. Nf3 d6 3. d4 cxd4 4. Nxd4 Nf6 5. Nc3 g6 6. Bd3 Bg7 7. h3 Nc6 8. Be3
Bd7 9. Qd2 Qc7 10. g4 Nxd4 11. Bxd4 Bc6 12. g5 Nxe4 13. Bxe4 Bxe4 14. Nxe4 Bxd4
15. Qxd4 Qxc2 16. Qxh8+ Kd7 17. Qxa8 Qxe4+ 18. Kd2 Qd4+ 19. Kc1 Qc4+ 20. Kd1
Qd3+ 21. Ke1 Qe4+ 22. Kd2 Qd4+ 23. Kc2 Qc4+ 24. Kb1 Qd3+ 25. Kc1 Qc4+ 26. Kd2
Qd4+ 27. Ke2 Qxb2+ 28. Kf3 Qc3+ 29. Kg2 Qc6+ 30. Kh2 Qc3 31. Kg2 Qc6+ 32. Kh2
Qf3 33. Qxa7 Qf4+ 34. Kg1 Qxg5+ 35. Kf1 Qb5+ 36. Kg1 Qg5+ 37. Kh2 Qe5+ 38. Kg2
Qg5+ 39. Kf1 Qb5+ 40. Ke1 Qe5+ 41. Kd2 Qd5+ 42. Kc3 Qc6+ 43. Kb3 Qb5+ 44. Ka3
Qd3+ 45. Ka4 Qc4+ 46. Ka5 Qc3+ 47. Ka4 Qc4+ 48. Ka3 Qc3+ 49. Ka4 Qc4+ 50. Ka3
Qc3+ 1/2-1/2

[Event "Excelsior June U2000"]
[Site "Toronto CAN"]
[Date "2023.06.23"]
[Round "1.12"]
[White "Ajith, Aarush"]
[Black "Ruchinskaya, Valerie"]
[Result "0-1"]
[WhiteElo "1675"]
[BlackElo "1933"]
[PlyCount "80"]
[EventDate "2023.06.23"]
[EventType "swiss"]
[EventRounds "5"]
[EventCountry "CAN"]

1. d4 d5 2. Nf3 Nf6 3. Bf4 c5 4. c3 Nc6 5. Nbd2 Qb6 6. Qb3 Qxb3 7. axb3 cxd4 8.
Nxd4 Nxd4 9. cxd4 e6 10. e3 Bd7 11. Bd3 Nh5 12. Bg3 Bb4 13. Ke2 a6 14. Rhc1
Nxg3+ 15. hxg3 Bd6 16. Rc2 Ke7 17. Nf3 f6 18. Rac1 Bc6 19. Nd2 h5 20. Rh1 g5
21. Rcc1 Rac8 22. Nf3 Kf7 23. Rc2 g4 24. Nd2 e5 25. Rhc1 exd4 26. exd4 Rce8+
27. Kf1 h4 28. gxh4 Rxh4 29. g3 Rh1+ 30. Kg2 Rxc1 31. Rxc1 Bf8 32. Rh1 Bg7 33.
Nf1 f5 34. Ne3 Bxd4 35. Nxf5 Be5 36. Rh7+ Ke6 37. Ne3 d4+ 38. Kg1 dxe3 39. fxe3
Bxg3 40. Rg7 Bf3 0-1

[Event "Excelsior June U2000"]
[Site "Toronto CAN"]
[Date "2023.06.23"]
[Round "1.13"]
[White "Faizy, Mohammed"]
[Black "Ambilwade, Ojal"]
[Result "1-0"]
[WhiteElo "1854"]
[BlackElo "1672"]
[PlyCount "95"]
[EventDate "2023.06.23"]
[EventType "swiss"]
[EventRounds "5"]
[EventCountry "CAN"]

1. e4 c5 2. Nf3 d6 3. d4 cxd4 4. Nxd4 Nf6 5. Nc3 a6 6. Bg5 e6 7. f4 Be7 8. Qf3
Qc7 9. O-O-O Nc6 10. Nxc6 Qxc6 11. Bd3 Bd7 12. Qg3 h6 13. Bxf6 Bxf6 14. e5 dxe5
15. fxe5 Bg5+ 16. Kb1 Qb6 17. Ne4 Qe3 18. Nd6+ Ke7 19. Rhf1 Rhf8 20. Rf3 Qd4
21. Nxf7 Bc6 22. Nxg5 Bxf3 23. Nxf3 Qf4 24. Qxg7+ Rf7 25. Qg6 Rd8 26. Rf1 Rdf8
27. b3 b5 28. a4 bxa4 29. Bc4 Qf5 30. Qxh6 axb3 31. Bxb3 Rb8 32. Ka2 Rc8 33.
Nd4 Qxf1 34. Qxe6+ Kd8 35. Qxf7 Qxf7 36. Bxf7 Ke7 37. Nf5+ Kf8 38. Bb3 Rc5 39.
Nh4 Kg7 40. e6 Kf6 41. g4 a5 42. Ka3 Re5 43. Nf5 Re4 44. e7 Re1 45. Ba4 Kf7 46.
e8=Q+ Rxe8 47. Nd6+ Ke7 48. Nxe8 1-0

[Event "Excelsior June U2000"]
[Site "Toronto CAN"]
[Date "2023.06.23"]
[Round "1.14"]
[White "Desikan, Ajith"]
[Black "Narasimhan, Siddarth"]
[Result "0-1"]
[WhiteElo "1672"]
[BlackElo "1821"]
[PlyCount "74"]
[EventDate "2023.06.23"]
[EventType "swiss"]
[EventRounds "5"]
[EventCountry "CAN"]

1. d4 d5 2. Bf4 Nf6 3. e3 c5 4. c3 Nc6 5. Bd3 Qb6 6. Qc1 cxd4 7. exd4 Bg4 8.
Nd2 Rc8 9. Qb1 e6 10. Ngf3 g6 11. h3 Bf5 12. Bxf5 gxf5 13. O-O Be7 14. a3 Rg8
15. Qd3 Ne4 16. Rab1 a5 17. a4 Nd8 18. Ne5 f6 19. Nef3 Qc6 20. Rfd1 Nf7 21.
Rbc1 Nfg5 22. Bxg5 Nxg5 23. Nxg5 Rxg5 24. Re1 Kf7 25. Nf3 Rg7 26. Qb5 Rcg8 27.
Qxc6 Rxg2+ 28. Kf1 bxc6 29. Ke2 c5 30. Red1 cxd4 31. cxd4 Rb8 32. Kf1 Rgg8 33.
Rc2 Rb3 34. Ng1 Rgb8 35. Rdd2 R8b4 36. Kg2 Rxa4 37. Nf3 Rc4 {illisible} 0-1

[Event "Excelsior June U2000"]
[Site "Toronto CAN"]
[Date "2023.06.23"]
[Round "1.15"]
[White "Wang, Nathan"]
[Black "Tenkov, Arkadii"]
[Result "1-0"]
[WhiteElo "1807"]
[BlackElo "1662"]
[PlyCount "91"]
[EventDate "2023.06.23"]
[EventType "swiss"]
[EventRounds "5"]
[EventCountry "CAN"]

1. e4 c6 2. Nf3 d5 3. Nc3 dxe4 4. Nxe4 Nf6 5. Qe2 Nxe4 6. Qxe4 Nd7 7. Bc4 Nf6
8. Ne5 e6 9. Qe2 Bd6 10. O-O O-O 11. d4 Qc7 12. Bf4 Nd5 13. Bg3 f6 14. Nf3 Bxg3
15. hxg3 Qf7 16. Bb3 a5 17. c4 a4 18. Bc2 Nb6 19. Qe4 g6 20. b3 Bd7 21. Rfd1
Rad8 22. Qe3 Kg7 23. d5 Nc8 24. d6 e5 25. c5 Be6 26. bxa4 Bd5 27. Bb3 Rd7 28.
a5 Na7 29. Rab1 Re8 30. Qd2 Bxb3 31. Rxb3 Nb5 32. Qb4 e4 33. Nd4 Qd5 34. a4
Nxd4 35. Rxd4 Qg5 36. Re3 f5 37. Qb2 Qf6 38. Rb3 e3 39. Rxe3 Rxe3 40. fxe3 Kg8
41. Rb4 Qg5 42. Kf2 f4 43. Qb3+ Kg7 44. Qc3+ Kg8 45. Rxf4 Qd5 46. Qc4 1-0

[Event "Excelsior June U2000"]
[Site "Toronto CAN"]
[Date "2023.06.23"]
[Round "1.16"]
[White "Liu, Sean"]
[Black "Zhong, April"]
[Result "0-1"]
[WhiteElo "1648"]
[BlackElo "1800"]
[PlyCount "56"]
[EventDate "2023.06.23"]
[EventType "swiss"]
[EventRounds "5"]
[EventCountry "CAN"]

1. e4 e6 2. d4 d5 3. Nc3 Nf6 4. e5 Nfd7 5. f4 c5 6. Nf3 Nc6 7. Be3 a6 8. Be2
cxd4 9. Nxd4 Bc5 10. Nxc6 bxc6 11. Bxc5 Nxc5 12. Bd3 Qb6 13. Rb1 a5 14. Ne2 O-O
15. Rf1 f6 16. Ng3 Nxd3+ 17. cxd3 fxe5 18. fxe5 Ba6 19. Qd2 Qd4 20. Rd1 Qxe5+
21. Qe2 Qd6 22. Kd2 Rfb8 23. Kc1 Rb6 24. Rd2 Rab8 25. Qf2 Qe7 26. Qe3 c5 27.
Rdf2 d4 28. Qe4 Qg5+ 0-1